Corporate governance in Russian market; Энергия молодых - экономике России; Ч. 2

Dettagli Bibliografici
Parent link:Энергия молодых - экономике России=Energy of Youth for Russian Economy: сборник научных трудов XIII Международной научно-практической конференции студентов и молодых ученых, г. Томск, 16-19 апреля 2012 г./ Национальный исследовательский Томский политехнический университет (ТПУ) ; Вольное экономическое общество России ; Международный союз экономистов (МСЭ) ; ред. коллегия В. В. Еремин ; Ю. С. Нехорошев ; Г. А. Барышева ; И. Е. Никулина ; Т. Б. Варлачева ; И. В. Кащук ; Е. Ю. Маталасова.— , 2012
Ч. 2.— 2012.— [С. 358-359]
Autore principale: Муковникова Е. К.
Altri autori: Руди И. А. (научный руководитель), Никулина И. Е. Ирина Евгеньевна
Riassunto:Заглавие с титульного экрана
Lingua:inglese
Pubblicazione: 2012
Serie:Modern development strategies of companies in the innovation economy
Soggetti:
Accesso online:http://www.lib.tpu.ru/fulltext/c/2012/C23/V2/168.pdf
Natura: MixedMaterials Elettronico Capitolo di libro
KOHA link:https://koha.lib.tpu.ru/cgi-bin/koha/opac-detail.pl?biblionumber=240145

MARC

LEADER 00000naa2a2200000 4500
001 240145
005 20251208153658.0
035 |a (RuTPU)RU\TPU\book\261393 
035 |a RU\TPU\book\261390 
090 |a 240145 
100 |a 20130619d2012 k y0rusy50 ba 
101 0 |a eng 
102 |a RU 
135 |a drcn ---uucaa 
200 1 |a Corporate governance in Russian market  |f Е. К. Муковникова, И. А. Руди  |g науч. рук. И. Е. Никулина 
203 |a Text  |c electronic 
225 1 |a Modern development strategies of companies in the innovation economy 
300 |a Заглавие с титульного экрана 
320 |a [Библиогр.: с. 359 (4 назв.)] 
337 |a Adobe Reader 
461 1 |0 (RuTPU)RU\TPU\book\258397  |t Энергия молодых - экономике России  |l Energy of Youth for Russian Economy  |o сборник научных трудов XIII Международной научно-практической конференции студентов и молодых ученых, г. Томск, 16-19 апреля 2012 г.  |o в 2 ч.  |f Национальный исследовательский Томский политехнический университет (ТПУ) ; Вольное экономическое общество России ; Международный союз экономистов (МСЭ) ; ред. коллегия В. В. Еремин ; Ю. С. Нехорошев ; Г. А. Барышева ; И. Е. Никулина ; Т. Б. Варлачева ; И. В. Кащук ; Е. Ю. Маталасова  |d 2012 
463 1 |0 (RuTPU)RU\TPU\book\258433  |t Ч. 2  |v [С. 358-359]  |d 2012 
610 1 |a труды учёных ТПУ 
610 1 |a электронный ресурс 
700 1 |a Муковникова  |b Е. К. 
701 1 |a Руди  |b И. А. 
702 1 |a Никулина  |b И. Е.  |c экономист  |c заведующий кафедрой Томского политехнического университета, доктор экономических наук  |f 1958-  |g Ирина Евгеньевна  |3 (RuTPU)RU\TPU\pers\26743  |4 727  |9 12386 
801 2 |a RU  |b 63413507  |c 20130619  |g RCR 
856 4 |u http://www.lib.tpu.ru/fulltext/c/2012/C23/V2/168.pdf 
942 |c CF